000 00504 a2200181 4500
001 066837
003 OSt
005 20211018123251.0
008
082 _a006.66
_bA43I
100 1 _aAngel, Edward
245 1 _aInteractive computer graphics
_cby Edward Angel
250 _a5th ed.
260 _aNew Delhi
_bPearson
_c2009
300 _a828p.
690 _aOpenGL; Interactive computer graphics; Computer graphics; Interactive computer systems
942 _2ddc
_cBK
999 _c835
_d835